000 00785nam a2200217 i 4500
001 34733
003 ES-MaACL
005 20250707124418.0
007 t|
008 030207s1914 sp |||| | spa d
100 1 _aBonilla y San Martín, Adolfo,
_d1875-1926
_930193
245 1 0 _aMarcelino Menéndez y Pelayo
_b: (1856-1912) /
_cpor Adolfo Bonilla y San Martín.
260 _aMadrid :
_b[s.n.,
_c1914] (
_fFortanet)
300 _a274 p. ;
_c26 cm.
530 _aDisponible en formato digital.
600 1 7 _aMenéndez y Pelayo, Marcelino,
_d1856-1912
_2embne
_980332
852 _aES-MaACL
_jF-9635
_cSPP2
_zRevisado enlace: 7 de julio de 2025
856 4 _uhttp://bdh-rd.bne.es/viewer.vm?id=0000250457&page=1
_yBiblioteca Digital Hispánica
942 _2udc
999 _c34733
_d34733